000 00723nam a22002057a 4500
999 _c21126
_d21126
003 AR-CdUCM
008 191031b ||||| |||| 00| 0 spa d
040 _aMUNICIPALIDAD PROVINCIAL DEL CUSCO
_cBIBLIOTECA MUNICIPAL DEL CUSCO
082 _a985.691 /
_bG91
245 _aThe Blue Guide :
_bPerú ancient and modern
246 _aLa guía azul
260 _aLima :
_bEdiciones front,
_c1946.
300 _a427 ;
440 _aCollectión "Art and Tourism"
_nvol. III
_944077
500 _aTexto bilingüe,
505 _aContenido : Archaeological zones of Lima -- Environs of Lima -- Port of Callao -- Climatic stations -- Medicinals baths
650 _aGuia
_93996
650 _aTurismo
_944078
942 _2ddc
_cLIBROS